Library of the University of Algiers 3
Ibrahim Sultan Cheibout
شعار جامعة الجزائر 3
مكتبة جامعة الجزائر 3
إبراهيم سلطان شيبوط

Management of creativity and innovation / (رقم التسجيلة. 41505)

تفاصيل مارك
000 -LEADER
fixed length control field 01237nam a2200229Ia 4500
003 - CONTROL NUMBER IDENTIFIER
control field Ost
005 - DATE AND TIME OF LATEST TRANSACTION
control field 20260426125804.0
008 - FIXED-LENGTH DATA ELEMENTS--GENERAL INFORMATION
fixed length control field 260426s9999||||xx |||||||||||||| ||und||
040 ## - CATALOGING SOURCE
Transcribing agency fsecg
041 ## - LANGUAGE CODE
Language code of text/sound track or separate title eng
082 ## - DEWEY DECIMAL CLASSIFICATION NUMBER
Classification number 658.406
100 ## - MAIN ENTRY--PERSONAL NAME
Personal name CHERIFI, HASSIBA
Relator term Author
245 #0 - TITLE STATEMENT
Title Management of creativity and innovation /
Statement of responsibility, etc. HASSIBA CHERIFI
260 ## - PUBLICATION, DISTRIBUTION, ETC.
Place of publication, distribution, etc. Algiers :
Name of publisher, distributor, etc. University of Algiers 3 Faculty of Economics Commercial Sciences and Management,
Date of publication, distribution, etc. 2024
300 ## - PHYSICAL DESCRIPTION
Extent 100 paper,
Dimensions 12 cm
504 ## - BIBLIOGRAPHY, ETC. NOTE
Bibliography, etc. note bibliography paper 79 - 85 Andex paper 86
520 ## - SUMMARY, ETC.
Summary, etc. CREATIVITY THEORIES AND INNOVATION THEORIES,THE BASIC PRINCIPLES OF MANAGEMENT OF CREATIVITY AND INNOVATION, MANAGEMENT METHODS AND TOOLS OF CREATIVITY AND INNOVATION,DEFINITIONS AND SOLUTIONS IN THE MANAGEMENT OF CREATIVITY AND INNOVATION,EXAMENS OF BEST PRACTICES IN 52 THE MANAGEMENT OF CREATIVITY AND INNOVATION,INTELLECTUAL PROPERTY AND INNOVATION,CHALLENGES AND OPPORTUNITIES INNOVATION IN A CHANGING WORLDSECTION I- TECHNOLOGICAL AND SOCIETAL TRENDS WHO INFLUENCE INNOVATION
653 ## - INDEX TERM--UNCONTROLLED
Uncontrolled term creativity
653 ## - INDEX TERM--UNCONTROLLED
Uncontrolled term Management
710 ## - ADDED ENTRY--CORPORATE NAME
Corporate name or jurisdiction name as entry element University of Algiers 3 Faculty of Economics Commercial Sciences and Management
Relator term Scientific publisher
942 ## - ADDED ENTRY ELEMENTS (KOHA)
Koha item type مطبوعات
المقتنيات
Withdrawn status Lost status Source of classification or shelving scheme Damaged status Not for loan Home library Current library Date acquired Serial enumeration / chronology Inventory number Total checkouts Full call number Barcode Date last seen Price effective from Koha item type
    Dewey Decimal Classification   NOT LOAN / إعارة داخلية مكتبة كلية العلوم الإقتصادية والعلوم التجارية وعلوم التسيير مكتبة كلية العلوم الإقتصادية والعلوم التجارية وعلوم التسيير 26/04/2026 Second floor Po.945-1   Po.945 exp1 Po.945-1 26/04/2026 26/04/2026 مطبوعات

موارد الويب المفتوحة


© University of Algiers 3 All Rights Reserved
|
Implemented by LECHELAH Riad
00:00:00
السبت، 1 يناير 2025
🌟 إجمالي الزوار
0
0
اليوم
0
هذا الأسبوع
آخر زيارة